000 00613nam a2200205Ia 4500
003 GCL
008 140319s9999 xx 000 0 ara d
040 _aGCL /
_cGCL
082 0 4 _a336
_bم م
100 1 _aميثم صاحب عجام
245 1 0 _aالمالية العامة:دراسة تطبيقية على الاقتصاد الليبى /
_cميثم صاحب عجام
300 _a524 ص
490 _a
650 0 4 _aالاقتصاد
650 0 4 _aالضرائب
650 0 4 _aالميزانية
650 0 4 _aالمالية العامة
650 0 4 _aالاقتصاد الليبى
942 _2ddc
_cBK
999 _c45624
_d45624